MATHEMATICS FOR GRADE 1-3 - Statistics

General Stats
  • This quiz has been taken 191 times
  • The average score is 14 of 15
Answer Stats
question Answer % Correct
1 x 2 2
100%
5 x 3 15
99%
5 x 6 30
99%
6 x 3 18
97%
9 x 2 18
97%
4 x 3 12
94%
6 x 4 24
94%
7 x 7 49
94%
9 x 9 81
93%
6 x 6 36
92%
6 x 7 42
92%
12 x 9 108
91%
7 x 4 28
91%
8 x 5 40
91%
6 x 9 54
91%
No matching quizzes found
Score Distribution
Percent of People with Each Score
Percentile by Number Answered
Your Score History
You have not taken this quiz